000
00270nam a2200121Ia 4500
100
_a
Grant/ H.E.
942
_c
BK
654
_a
Jigs and fixtures
245
_a
Jigs and Fixtures
260
_b
Tata Mc Graw hill
_a
New Delhi
_c
1979
082
_a
621.992
546
_a
ENGLISH
999
_c
35244
_d
35244